=LDR 00000nam 2200000 4500 =001 INLIS000000000026022 =005 20200716015925 =035 ##$$a 0010-061300000026022 =008 200716################g##########0#ind## =041 ##$$a ind =082 ##$$a 2x6.094 3 =090 ##$$a 2x6.094 3, MUG s =100 1#$$a Mughni, Syafiq A =245 1#$$a Sejarah Kebudayaan Islam di Kawasan Turki, /$c Dr. Syafiq A. Mughni =260 ##$$a Jakarta :$b Logos,$c 1997 =300 ##$$a viii, 171 hlm., ; $c 14 x 21 cm =650 #4$$a Kebudayaan Islam =650 #4$$a Turki =850 ##$$a NBPNMAT =020 ##$$a 979-626-026-3 =084 ##$$a 2x6.094 3 MUG s =250 ##$$a cet.1 =990 ##$$a 108260/Pb.97